| 000 | 00415nam a22001337a 4500 | ||
|---|---|---|---|
| 999 |
_c534508 _d534508 |
||
| 022 | _a2519-5395 E-2519-5404 | ||
| 082 | _aVol- | ||
| 100 |
_aPASTIC _928670 |
||
| 245 |
_aPJCIS: Pakistan journal of computer and information systems / _cPakistan scientific and technological information center. |
||
| 260 | _aIslamabad: | ||
| 300 | _c30cm. | ||
| 650 |
_aComputer information systems - Journals. _928671 |
||
| 942 | _cCR | ||